UBT Library

COLLEGE ALGEBRA (Record no. 59122)

000 -LEADER
fixed length control field 00311nam a22001457a 4500
008 - FIXED-LENGTH DATA ELEMENTS--GENERAL INFORMATION
fixed length control field 221207b ||||| |||| 00| 0 eng d
020 ## - INTERNATIONAL STANDARD BOOK NUMBER
International Standard Book Number 9780618260362
041 ## - LANGUAGE CODE
Language code of text/sound track or separate title eng
080 ## - UNIVERSAL DECIMAL CLASSIFICATION NUMBER
Universal Decimal Classification number 51
082 ## - DEWEY DECIMAL CLASSIFICATION NUMBER
Classification number 51NAR
100 ## - Rafti
Rafti 20.1
101 ## - Shkurtesa
Shkurtesa MATE
245 ## - TITLE STATEMENT
Title COLLEGE ALGEBRA
Statement of responsibility, etc NARASIMHAN R
942 ## - ADDED ENTRY ELEMENTS (KOHA)
Source of classification or shelving scheme
Item type Books
Holdings
Withdrawn status Lost status Source of classification or shelving scheme Damaged status Not for loan Collection code Permanent location Current location Date acquired Total Checkouts Full call number Barcode Date last seen Price effective from Koha item type
          Koleksioni i përgjithshem UBT - Lipjan UBT - Lipjan 12/07/2022   51NAR 002-8000287002601003 12/07/2022 12/07/2022 Books
          Koleksioni i përgjithshem UBT - Lipjan UBT - Lipjan 02/07/2023   51LIA 003-252 02/07/2023 02/07/2023 Books
UBT Library © 2015-2024. All rights reserved University Education for Business and Technology